文淵閣四庫全書 (Record no. 236541)
[ view plain ]
| 000 -LEADER | |
|---|---|
| fixed length control field | 00849cam a22002173a 4500 |
| 001 - CONTROL NUMBER | |
| control field | 7221 |
| 003 - CONTROL NUMBER IDENTIFIER | |
| control field | PGUSA |
| 005 - DATE AND TIME OF LATEST TRANSACTION | |
| control field | 20140828083142.0 |
| 008 - FIXED-LENGTH DATA ELEMENTS--GENERAL INFORMATION | |
| fixed length control field | 050101s2005||||xxu|||||s|||||000 | eng d |
| 040 ## - CATALOGING SOURCE | |
| Original cataloging agency | PGUSA |
| Language of cataloging | eng |
| 042 ## - AUTHENTICATION CODE | |
| Authentication code | dc |
| 245 10 - TITLE STATEMENT | |
| Title | 文淵閣四庫全書 |
| Medium | [electronic resource] / |
| Statement of responsibility, etc | Various |
| 260 ## - PUBLICATION, DISTRIBUTION, ETC. (IMPRINT) | |
| Name of publisher, distributor, etc | Project Gutenberg, |
| Date of publication, distribution, etc | 2005 |
| 505 0# - FORMATTED CONTENTS NOTE | |
| Formatted contents note | 鄧析子 = Deng Xi Zi / Deng Xi -- 鬼谷子 = Gui Gu Zi / Wang Xu -- 尉繚子 = Wei Liao Zi / Wei Liao -- 人物志 = Ren Wu Zhi / Liu Shao -- 公孫龍子 = Gong Sun Long Zi / Gong Sun Long -- 三略 = San Lue / Huang Shi Gong -- 竹齋集 = Zhu Zhai Ji / Wang Mian. |
| 506 ## - RESTRICTIONS ON ACCESS NOTE | |
| Terms governing access | Public domain in the USA. |
| 516 ## - TYPE OF COMPUTER FILE OR DATA NOTE | |
| Type of computer file or data note | Electronic text |
| 740 0# - ADDED ENTRY--UNCONTROLLED RELATED/ANALYTICAL TITLE | |
| Uncontrolled related/analytical title | Wen yuan ge Si ku quan shu |
| 830 #0 - SERIES ADDED ENTRY--UNIFORM TITLE | |
| Uniform title | Project Gutenberg |
| Volume number/sequential designation | 7221 |
| 856 40 - ELECTRONIC LOCATION AND ACCESS | |
| Uniform Resource Identifier | <a href="http://www.gutenberg.org/ebooks/7221">http://www.gutenberg.org/ebooks/7221</a> |
| 942 ## - ADDED ENTRY ELEMENTS (KOHA) | |
| Koha item type | eBooks |
| Withdrawn status | Lost status | Damaged status | Home library | Current library | Date acquired | Total Checkouts | Date last seen | Price effective from | Koha item type |
|---|---|---|---|---|---|---|---|---|---|
| Project Gutenberg | Project Gutenberg | 08/28/2014 | 08/28/2014 | 08/28/2014 | eBooks |